=LDR 00000nam 2200000 4500 =001 INLIS000000000043321 =990 ##$$a 0001/BPAP-NTB/20142014 =005 20131008103055 =990 ##$$a 0001/BPAP-NTB/20142014 =008 ***********************************ind** =990 ##$$a 0001/BPAP-NTB/20142014 =035 ##$$a0010-101300000001243 =990 ##$$a 20707197 =041 ##$$a ind =082 ##$$a 621.31 =090 ##$$a 621.31, Ari b =100 ##$$a ARISMUNANDAR, A =245 ##$$a Buku pegangan teknik tenaga listrik, A. Arismunandar, SKuwahara =260 ##$$a 2004 $b Jakarta =300 ##$$a ...jild, ilus, 26 cm =650 ##$$a Listrik, Tenaga =850 ##$$a NBPNMAT =990 ##$$a 0001/BPAP-NTB/20142014 =990 ##$$a 0001/BPAP-NTB/20142014 =990 ##$$a 0001/BPAP-NTB/20142014 =990 ##$$a 0001/BPAP-NTB/20142014 =990 ##$$a 24192419 =990 ##$$a 01201802419 =990 ##$$a 0001/BPAP-NTB/20142014 =990 ##$$a 0001/BPAP-NTB/20142014 =990 ##$$a 0001/BPAP-NTB/20142014 =990 ##$$a 20707197 =990 ##$$a 0001/BPAP-NTB/20142014 =990 ##$$a 0001/BPAP-NTB/20142014 =990 ##$$a 0001/BPAP-NTB/20142014